[Event "Elgoibar 09th"]
[Site "Elgoibar"]
[Date "1999.??.??"]
[Round "1"]
[White "Georgiev, Vladimir"]
[Black "Lazarev, Vladimir"]
[Result "1-0"]
[WhiteElo "2519"]
[BlackElo "2501"]
[Annotator "Huzman,A"]
[PlyCount "77"]
[EventDate "1999.11.??"]
[EventType "tourn"]
[EventRounds "9"]
[EventCountry "ESP"]
[EventCategory "9"]
[SourceTitle "CBM 075"]
[Source "ChessBase"]
[SourceDate "2000.04.05"]
[SourceVersion "1"]
[SourceVersionDate "2000.04.05"]
[SourceQuality "1"]

1. d4 d5 2. c4 dxc4 3. e3 Nf6 4. Bxc4 e6 5. Nf3 c5 6. O-O a6 7. Bb3 Nc6 8. Nc3
b5 9. d5 exd5 (9... Nxd5 $5 10. Nxd5 (10. Bxd5 exd5 11. Nxd5 Be6 $11) 10... c4
11. Bxc4 bxc4 12. Nc3 $14 {[%csl Rc4]}) 10. a4 $1 (10. Nxd5 c4 11. Nxf6+ Qxf6
12. Bc2 Bg4 $17) 10... Nb4 (10... c4 11. axb5 Nb4 12. Ba4 $16) (10... b4 11.
Nxd5 Be6 12. e4 $1 Nxe4 13. Re1 $40) 11. axb5 Bd6 (11... Be7 12. e4 $5 (12. Ne5
O-O 13. Nc6 Nxc6 14. bxc6 Be6 $15) 12... c4 (12... dxe4 13. Qxd8+ Bxd8 14. Ng5
O-O 15. Ncxe4 Nxe4 16. Nxe4 $36) (12... d4 13. Ng5 $1 (13. e5 Ng4 14. Ne4 O-O
15. h3 Bb7 16. Re1 axb5 $1 $17) 13... O-O (13... dxc3 14. bxc3 $1 Qxd1 15. Rxd1
$16) 14. e5 dxc3 (14... Nfd5 15. Nxd5 Nxd5 16. Qf3 $16) 15. bxc3 $16) 13. e5 (
13. Ba4 O-O 14. exd5 axb5 15. d6 Bxd6 16. Nxb5 $11) 13... Nd7 14. Ba4 axb5 15.
Nxb5 O-O $13) 12. e4 $1 {[%mdl 4]} dxe4 (12... c4 13. e5 $1 (13. Ba4 dxe4 14.
bxa6+ Kf8 15. Ne5 Rxa6 16. Nxc4 $36) 13... cxb3 14. exf6 $1 Qxf6 (14... O-O 15.
fxg7 Kxg7 16. Qxb3 $16) 15. Nxd5 Nxd5 16. Qxd5 Ra7 17. Re1+ Kf8 18. Bg5 $18)
13. Ng5 O-O 14. Ncxe4 Nxe4 15. Nxe4 Bxh2+ 16. Kxh2 Qh4+ 17. Kg1 Qxe4 18. Re1
Qf5 (18... Qg6 $5 19. Re5 $5 (19. Qf3 Be6 $17) (19. Re7 Be6 20. Bxe6 fxe6 21.
Qe2 Nd3 (21... Rad8 22. Rxe6 Qc2 23. Bg5 Rd5 24. Be7 Rd2 25. Qh5 $13) 22. Rxe6
Rxf2 23. Qe4 Qxe4 24. Rxe4 Rf6 (24... Raf8 25. Be3 Re2 26. bxa6 Ne1 27. Rf4 $1
$16) (24... Rc2 25. Be3 $44) 25. Be3 Rb6 $15) 19... Bb7 20. Rg5 Qe4 21. Rg4 Qe5
22. Bh6 Rfd8 23. Qe1 Qxe1+ 24. Rxe1 g6 25. b6 $44) 19. Be3 $6 (19. Qd6 $1 Nd3 (
19... Qd3 $2 20. Bxf7+ $1 Kxf7 21. Re7+ Kg8 22. Rxg7+ $1 Kxg7 23. Bh6+ Kf7 24.
Qxf8+ Ke6 25. Re1+ Kd5 26. Qf7+ $18) 20. Re2 Bb7 (20... Ra7 21. Bc2 (21. bxa6
Rxa6 $17) 21... Rd7 22. Bxd3 Qxd3 23. Qxd3 Rxd3 24. bxa6 $11) 21. Bc2 Rad8 (
21... Rfd8 22. Bxd3 Qg4 23. Qg3 Qxg3 24. fxg3 Rxd3 25. bxa6 $16) 22. Bxd3 Qg4
23. Qg3 Qxg3 24. fxg3 Rxd3 25. bxa6 Rd1+ 26. Kf2 Bxa6 27. Rxa6 Rxc1 28. Rc6 Rb8
29. b4 $1 $11) 19... Bb7 (19... Be6 $1 20. Bxe6 fxe6 $17) 20. bxa6 Bxa6 21. Qd6
$44 Rfc8 (21... c4 22. Qxb4 cxb3 23. Qxb3 $11) 22. Ra5 $1 Bb7 (22... Qd3 23.
Bxc5 Qxb3 24. Bxb4 $11) (22... Nd3 23. Bc2 $11) 23. Rb5 Ba6 $4 {[%mdl 8192]} (
23... Be4 24. f3 Bc2 25. Rxc5 Rxc5 26. Qxc5 Qxc5 27. Bxc5 Bxb3 (27... Nd3 28.
Re3 $11) 28. Bxb4 $11) 24. Rxc5 Rxc5 25. Bxc5 Nd3 26. Qxa6 $18 Rf8 27. Bxf7+ $1
Kh8 28. Qd6 $6 (28. Qxd3 Qxd3 29. Bxf8 Qf5 30. Be6 Qxf8 31. Bd7 $18) 28... Qxc5
29. Qxd3 (29. Qxc5 Nxc5 30. Bc4 $18) 29... Rxf7 30. Re8+ Rf8 31. Qe3 Qf5 32. b4
$16 {/+-} Qb1+ 33. Kh2 Qxb4 $2 {[%tqu "En","Find a winning manoeuvre","","",
"e3d4","",10]} 34. Qd4 $1 Qa3 35. Qd8 Kg8 36. Qd5+ Kh8 37. Qf7 $1 Qd6+ 38. f4
Qh6+ 39. Kg3 1-0

[Event "Monarch Assurance 08th"]
[Site "Port Erin"]
[Date "1999.11.10"]
[Round "5"]
[White "Hebden, Mark"]
[Black "Baburin, Alexander"]
[Result "1-0"]
[WhiteElo "2510"]
[BlackElo "2593"]
[Annotator "Huzman,A"]
[PlyCount "77"]
[EventDate "1999.11.06"]
[EventType "swiss"]
[EventRounds "9"]
[EventCountry "IOM"]
[SourceTitle "CBM 074"]
[Source "ChessBase"]
[SourceDate "2000.02.01"]
[SourceVersion "1"]
[SourceVersionDate "2000.02.01"]
[SourceQuality "1"]

1. d4 d5 2. c4 dxc4 3. Nf3 a6 4. e3 e6 5. Bxc4 c5 6. O-O Nf6 7. e4 cxd4 8. e5
Nfd7 9. Qxd4 Nc6 10. Qf4 Qc7 11. Re1 Ndxe5 12. Nxe5 Nxe5 13. Qxe5 Qxc4 14. Nc3
f6 15. Qh5+ g6 16. Qf3 Be7 (16... Bg7 17. Nd5 O-O 18. Nb6 Qb4 19. Be3 Rb8 20.
Rac1 $44 {1-0 Morovic Fernandez,I-Arencibia,W/Havana 1998/CBM 65/ (26)}) 17.
Bh6 Qc6 $1 $146 (17... Qh4 18. Nd5 Kf7 19. Rac1 Qh5 20. Rc7 {1-0 Legky,N-Alet,
J/Metz 1994/TD (20)}) 18. Qg3 (18. Ne4 f5 19. Ng5 Qxf3 20. Nxf3 Bd7 $15) 18...
Kf7 (18... e5 $5 19. f4 exf4 20. Qxf4 (20. Bxf4 Be6 21. Bd6 Rd8 (21... Qb6+ 22.
Kh1 Qxd6 23. Qxd6 Bxd6 24. Rxe6+ Kd7 25. Rxf6 Raf8 $11) 22. Rxe6 Rxd6 23. Re3
Kf7 24. Rae1 Rd7 $17) 20... Kf7 $15) 19. Rac1 (19. Rad1 $5 Rd8 (19... e5 20.
Nd5 Bc5 21. b4 Ba7 22. Rxe5 $1 $40) 20. Rxd8 Bxd8 21. Ne4 e5 22. Qf3 Be7 23.
Rc1 $44) 19... Rd8 20. Qh4 (20. Ne4 Qd5 21. Rc7 Rd7 22. Qc3 e5 $1 23. Rxc8 $140
Rxc8 24. Qxc8 Qxe4 $17) 20... e5 21. Be3 h5 22. Ne4 Qe6 23. f4 $1 $36 Qg4 $6 (
23... Rd5 $5 24. Nc3 Rd8 $11) 24. Qf2 $1 Be6 (24... f5 25. Nd2 exf4 26. Bxf4
$44 {[%cal Gd2c4,Gc4e5]}) 25. h3 Qf5 26. Ng3 Qd3 27. fxe5 $16 f5 28. Ne2 $1
Rac8 29. Nf4 Qd7 30. Qg3 Rg8 31. h4 $1 Rxc1 (31... Bxa2 32. Rcd1 Qc7 33. Bf2 {
[%cal Ge5e6]} Be6 34. Nxe6 Kxe6 35. Rd6+ $40 (35. Qb3+ Qc4 36. Qxb7 Rc7 $14)
35... Kf7 36. Bd4 $1) 32. Rxc1 Bd5 $2 (32... Bxa2 $142 33. Bb6 $140 g5 $132)
33. Bb6 (33. Rd1 $18) 33... Qb5 34. Qe3 Be6 35. Rc7 $18 Qxb2 36. Rxe7+ Kxe7 37.
Qc5+ Ke8 38. Nxe6 g5 39. Nxg5 1-0

[Event "VAM Hoogeveen 3rd"]
[Site "Hoogeveen"]
[Date "1999.10.21"]
[Round "4"]
[White "Karpov, Anatoly"]
[Black "Sadvakasov, Darmen"]
[Result "1/2-1/2"]
[WhiteElo "2700"]
[BlackElo "2468"]
[Annotator "Huzman,A"]
[PlyCount "152"]
[EventDate "1999.10.15"]
[EventType "tourn"]
[EventRounds "6"]
[EventCountry "NED"]
[EventCategory "15"]
[SourceTitle "CBM 074"]
[Source "ChessBase"]
[SourceDate "2000.02.01"]
[SourceVersion "1"]
[SourceVersionDate "2000.02.01"]
[SourceQuality "1"]

1. Nf3 {Hecht} d5 2. d4 Nf6 3. c4 dxc4 4. e3 c5 5. Bxc4 e6 6. O-O a6 7. Bb3
cxd4 8. exd4 Nc6 9. Nc3 Be7 10. d5 exd5 11. Nxd5 Nxd5 12. Bxd5 O-O 13. Be3 Nb4
(13... Bf6 14. Bc5 Re8 15. Ba3 Qc7 16. Re1 Rxe1+ 17. Qxe1 Bd7 18. Qd2 h6 $11 {
0-1 Alexander,P-Magem Badals,J/Corsica 1997/EXT 99 (30)}) 14. Be4 (14. Bb3 Bf5
15. Ne5 Bf6 $11) 14... Qxd1 15. Rfxd1 f5 16. Bb1 Nc6 $6 (16... Be6 17. Nd4 (17.
Bb6 Nc6 $11) (17. Ng5 Rad8 18. Re1 Bd5 19. Bf4 Nc6 $11) 17... Rad8 18. a3 (18.
Bd3 Bxa2 19. Nxf5 (19. Rxa2 Nxa2 20. Bc4+ Kh8 21. Bxa2 f4 22. Bc1 Bf6 $19)
19... Bf6 20. Rxa2 (20. Bc5 Rxd3 21. Bxb4 Rfd8 $17) 20... Nxd3 $15 (20... Nxa2
21. Bc4+ Kh8 22. Nd6 $14)) 18... Nc6 $11) 17. Bd3 Be6 18. Ng5 Bd5 (18... Bxg5
19. Bxg5 Ne5 20. Bf1 $14 {/+/-}) 19. Bxa6 Rxa6 20. Rxd5 Bf6 21. Rxf5 (21. Rd2
Ne5 22. Rc2 (22. Nf3 Nc4 23. Rc2 Nxe3 24. fxe3 Rd8 $44) 22... Nd3 $44) (21. Rb5
Rfa8 (21... f4 22. Bc5 $1 (22. Bxf4 Nd4 23. Rxb7 Ne2+ 24. Kf1 Nxf4 $17) (22.
Bd2 Nd4 23. Rd5 Nb3 24. Rd1 Nxd2 25. R1xd2 Rxa2 $15) 22... Rfa8 23. Ne4 Rxa2
24. Rxa2 Rxa2 25. Nxf6+ gxf6 26. h4 $16) 22. Rxb7 (22. h4 Rxa2 23. Rxa2 Rxa2
24. Rxb7 Rxb2 $11) (22. a3 f4 23. Bd2 (23. Bxf4 Nd4 $17) 23... Nd4 24. Rd5 Nb3
25. Rd1 Bxg5 26. Rxg5 Rd8 27. Rxg7+ Kxg7 28. Bc3+ Nd4 $11) 22... Rxa2 23. Rxa2
Rxa2 24. f3 (24. g3 Rxb2 25. Rc7 Bxg5 26. Bxg5 Ne5 $11) (24. g4 fxg4 25. b4
Bxg5 26. Bxg5 Rb2 27. b5 Nd4 $11) 24... Rxb2 25. Rc7 Nd8 $11) 21... Rfa8 (21...
Bxb2 22. Rxf8+ Kxf8 23. Re1 (23. Nxh7+ Kg8 24. Rb1 Rxa2 25. Ng5 b5 $132) 23...
g6 24. Ne6+ Kf7 25. Nc5 Rxa2 26. Nxb7 $16) (21... Rd8 22. h3 Bxb2 23. Rb1 Rxa2
24. Rb5 $16) 22. Ne4 (22. Kf1 Rxa2 (22... Bxb2 23. Rb1 Rxa2 24. Rb5 Bf6 25.
Rxb7 $16) 23. Rxa2 Rxa2 24. b3 Rb2 25. Ne4 Be5 $11) 22... Bxb2 23. Rb1 Rxa2 24.
Rb5 Nd4 25. Rxb7 Ne2+ 26. Kf1 Nc3 27. Nxc3 Bxc3 28. g4 (28. R1b3 R2a3 $14)
28... Ra1 29. Rxa1 Rxa1+ 30. Kg2 {The endgame looks complitely drawish but
Karpov finds the chances to win with great mastership.} Ra4 31. h3 Bd4 32. Bf4
Ra7 33. Rb4 Rd7 34. h4 g6 35. Rb5 Rf7 36. Bg3 Kg7 37. h5 Kh6 $6 38. Rd5 Bb2 39.
Bd6 Bc1 40. Kg3 g5 $6 41. Bc5 Kg7 42. Bd4+ Kf8 43. Be3 ({Some chances to win
White receives after} 43. h6 Rb7 (43... Bf4+ 44. Kg2 Ke7 45. Ra5 Ke6 46. Be3
$18) 44. Bf6 Rb6 45. Bxg5 (45. Rf5 Ke8 46. Bxg5 Bxg5 47. Rxg5 Rxh6 48. Rg7 Kf8
$16) 45... Bxg5 46. Rxg5 Rxh6 47. Rh5 {but in fact the position is drawing.}
Rxh5 48. gxh5 Kf7 49. Kf4 Kf6 50. f3 Ke6 51. Kg5 Kf7 52. Kf5 Ke7 53. Ke5 Kf7
54. f4 Ke7 55. h6 Kf7 56. Kd6 Kf6 $11) 43... Bxe3 44. fxe3 {Hecht: '[#] Dieser
Endspieltyp mit dem freien e-Bauern kommt in der Praxis hin und wieder vor. Er
bietet zwar für den Angreifer stets einige praktische Gewinnchancen, die
Aussichten für den Verteidiger, remis zu halten, sind indes auch nicht gerade
schlecht. Hier kommt für Schwarz erschwerend die räumliche Enge am äußersten
Königsflügel hinzu.'} Re7 45. Kf3 h6 46. e4 Ra7 47. Ke3 Ra4 {The position has
drawig tendention as Black counterplay against pawn g4.} 48. Rd7 Kg8 49. Rd6
Kg7 50. Rg6+ Kh7 51. Rc6 Kg7 52. Rg6+ Kh7 53. Rc6 Kg7 54. Kd3 Rb4 (54... Ra3+ {
Hecht} 55. Kd4 Rg3 56. e5 Rxg4+ 57. Kd5 Rg1 {[#] An dieser Stelle erscheint
mir das alleinige Setzen auf den e-Bauern erfolgversprechender zu sein:} 58.
Rg6+ (58. Rc7+ $5 Kf8 59. Ke6 g4 60. Rc8+ Kg7 61. Ke7 g3 62. Rc3 $1 (62. e6 Ra1
$1 (62... g2 $2 63. Rc2 Kh7 64. Rd2 Kg7 65. Kd7 Re1 66. Rxg2+ Kf8 67. Rf2+ Kg7
68. e7 Rd1+ 69. Ke8 Ra1 70. Rg2+ Kh7 71. Rg6 $18 {Auch ohne das Bauernpärchens
auf der h-Linie würde Schwarz verlieren, etwa nach Tg4 samt Kf7 (Brückenbau).})
63. Rc3 Ra7+ {Der Angriff von der "langen" Seite her hält remis.}) 62... g2 63.
Rc2 {[#] Das Randbauernpärchen engt den schwarzen König entscheidend ein.
Sonst wäre hier Kg6 mit Remisschluß möglich.} Kg8 64. e6 Kg7 65. Rd2 $18 {
[%cal Re7d7]}) 58... Kh7 $2 (58... Kf7 $1 59. e6+ Ke7 60. Rxh6 g4 61. Rg6 g3
$11) 59. e6 Re1 60. Kd6 Rd1+ 61. Kc7 Re1 62. Kd7 Rd1+ 63. Ke8 $18) 55. Rg6+ Kh7
56. Rc6 Kg7 57. Rc4 Rb3+ 58. Rc3 Rb4 59. Rc4 Rb3+ 60. Kd4 Rg3 61. Rc7+ Kg8 62.
Rc6 (62. e5 {Hecht} Rxg4+ 63. Kd5 {[#] Vergleichen Sie bitte dazu die
Anmerkungen zum 54. Zug. Die Frage ist zu klären, ob Schwarz hier mit anderen
Zügen als Tg1 das Remis erreichen kann. Dazu bieten sich Ta4 oder Tf4 an, um
bessere Einsatzfelder für den Turm zu haben.} Ra4 (63... Rg1 64. Ke6 g4 65.
Rc8+ Kg7 66. Ke7 g3 67. Rc3 $18 {kennen wir schon.}) (63... Rf4 $5) 64. Ke6 g4
{oder Kf8}) 62... Kg7 63. Rg6+ Kf7 64. Rxh6 Rxg4 65. Rg6 Rg1 {Hecht: '[#]
Diese Konstellation von 2-1 Freibauern bietet dem Verteidiger im allgemeinen
sehr gute Remischancen. Der schwarze König steht jetzt optimal und der g-Bauer
droht zu laufen und sich zumindest gegen den h-Bauern zu opfern.'} 66. Ke5 Rg4
(66... g4 $2 {Hecht} 67. Kf4 $18) 67. Rf6+ Ke7 68. Ra6 Rh4 69. Ra7+ Ke8 70. Rh7
Kf8 71. Kf6 Rf4+ 72. Kg6 g4 (72... Rxe4 {Hecht} 73. Rh8+ Ke7 74. h6 $18 {
weil der Bg5 als Schutzschild benutzt werden kann.}) 73. Rh8+ Ke7 74. Rg8 (74.
h6 {Hecht} g3 75. h7 Rh4 76. Ra8 g2 77. Ra1 {[#]} Rh1 (77... Rg4+ 78. Kf5 Rh4
$11 {ist der klare Remisweg.}) 78. Rg1 Rxg1 79. h8=Q Rf1 $11 {ist
komplizierter.}) 74... g3 75. Kh6 Rf6+ 76. Kh7 Rf7+ 1/2-1/2

[Event "MK Cafe Cup-A"]
[Site "Koszalin"]
[Date "1999.08.03"]
[Round "1"]
[White "Khenkin, Igor"]
[Black "Gyimesi, Zoltan"]
[Result "1-0"]
[WhiteElo "2633"]
[BlackElo "2531"]
[Annotator "Huzman,A"]
[PlyCount "54"]
[EventDate "1999.08.03"]
[EventType "swiss"]
[EventRounds "9"]
[EventCountry "POL"]
[SourceTitle "CBM 073"]
[Source "ChessBase"]
[SourceDate "1999.12.01"]
[SourceVersion "1"]
[SourceVersionDate "1999.12.01"]
[SourceQuality "1"]

1. d4 Nf6 2. c4 e6 3. Nf3 d5 4. e3 dxc4 5. Bxc4 c5 6. O-O a6 7. Bb3 Nc6 8. Qe2
cxd4 9. Rd1 Be7 10. Nc3 b5 11. exd4 Na5 12. d5 $1 Nxb3 13. dxe6 Nxa1 (13... Qa5
14. exf7+ Kxf7 15. Ne5+ Kf8 (15... Ke8 16. Bg5 $1 Nxa1 17. Bxf6 $18) 16. axb3
Qxa1 17. Nc6 $1 $18) 14. exf7+ Kxf7 (14... Kf8 $5 15. Rxd8+ Bxd8 16. Be3 $44 {
/\17Qd1} (16. Bg5 Bb7 17. Ne5)) 15. Ne5+ Kg8 (15... Kf8 16. Rxd8+ Bxd8 17. Bf4
Bf5 18. g4 Be6) 16. Rxd8+ Bxd8 17. Bf4 Bf5 (17... Bc7 18. Qf3 Ra7 19. Qd1 $36
b4 $140 20. Ne4 Bxe5 21. Bxe5 Rd7 (21... Nxe4 22. Qd8+ Kf7 23. Qxh8 $40) 22.
Nd6 $16) 18. g4 $1 Be6 19. g5 Ne8 (19... b4 20. gxf6 bxc3 (20... Bxf6 21. Nc6
Re8 22. Ne4 $16) 21. Nc4 $1 Bf7 22. Qf3 $1 Ra7 (22... cxb2 23. Nxb2 Ra7 24.
fxg7 Kxg7 25. Be5+ Kg8 26. Qg2+ Bg6 27. Qd5+ $18) (22... Bxc4 23. fxg7 Kxg7 24.
Be5+ Kg6 25. Bxh8 c2 26. Qe4+ Kh5 27. Qxc4 $18) 23. fxg7 Kxg7 24. Be5+ Kf8 25.
Bxh8 c2 26. Qf4 $18) (19... Nd5 20. Qe4 Nc7 21. Nc6 $1 $16) 20. Qe4 $1 Rc8 21.
Ng6 $1 $18 Bf7 22. Nxh8 Rc4 (22... Kxh8 23. Qf5 $18) 23. Qf5 Bh5 24. Ne4 Nc2
25. Nd6 Rd4 (25... Nd4 26. Qd5+ Kxh8 27. Nf7+ Kg8 (27... Bxf7 28. Qxf7 $18) 28.
Nxd8+ Kf8 29. Be3 $18) 26. Qe6+ Kxh8 27. Nf7+ Kg8 (27... Bxf7 28. Qxf7 Rd1+ 29.
Kg2 Ne1+ 30. Kh3 Rd3+ 31. Be3 $18) (27... Kg8 28. Qxe8#) 1-0

[Event "Varazdin GM"]
[Site "Varazdin"]
[Date "2003.11.24"]
[Round "1"]
[White "Georgiev, Vladimir"]
[Black "Mikhalchishin, Adrian"]
[Result "1/2-1/2"]
[WhiteElo "2596"]
[BlackElo "2522"]
[Annotator "Huzman,A"]
[PlyCount "45"]
[EventDate "2003.11.24"]
[EventType "tourn"]
[EventRounds "10"]
[EventCountry "CRO"]
[EventCategory "10"]
[SourceTitle "CBM 099"]
[Source "ChessBase"]
[SourceDate "2004.03.30"]
[SourceVersion "1"]
[SourceVersionDate "2004.03.30"]
[SourceQuality "1"]

1. d4 d5 2. c4 dxc4 3. e3 c5 4. Bxc4 e6 5. Nf3 a6 6. O-O Nf6 7. Bb3 b5 8. a4 b4
9. a5 Be7 (9... Nc6 10. Ba4 (10. Nbd2 cxd4 $2 11. Ba4 Bb7 12. Nc4 Qc7 13. Nb6
$6 (13. Nxd4 $5) 13... Rd8 14. exd4 Bc5 $1 15. Be3 O-O 16. Qc2 Bxb6 17. axb6
Qd6 $15 {0-1 Kozul,Z-Baburin,A/Istanbul (ol) 80/418 2000/[Baburin,A] (63)})
10... Bd7 11. dxc5 Bxc5 12. Nbd2 Qe7 13. Nb3 Bd6 14. Nbd4 Nxd4 15. Bxd7+ Nxd7
16. Nxd4 Nc5 17. Bd2 Qb7 $15 {0-1 Bets,A-Svetushkin,D/Bucharest 2002/CBM 88 
(56)}) (9... Bb7 10. Ne5 (10. Nbd2 Nbd7 (10... Be7 $5 11. Nc4 O-O 12. Qe2 Qd5
13. Rd1 Qh5 14. Nb6 Ra7 15. Bc4 Rd8 16. dxc5 Rxd1+ 17. Qxd1 Bxf3 18. Qxf3 Qxf3
19. gxf3 Bxc5 20. b3 Nc6 21. Bb2 Nxa5 $11 {1/2-1/2 Civin,T-Vyskocil,N/CZE 2001/
EXT 2002 (45)}) 11. e4 Nxe4 12. Nxe4 Bxe4 13. Ng5 Bd5 14. Bxd5 exd5 15. Re1+
Be7 16. Qh5 g6 17. Qh6 Nf6 18. Qg7 Kd7 19. Qxf7 {1-0 Cvitan,O-Giertz,N/Biel
1997/CBM 60 ext (19)}) (10. Ba4+ Nbd7 11. e4 $5 $146 Qc7 $1 12. Bg5 $2 Nxe4 $1
13. Ne5 Nxg5 14. Bxd7+ Ke7 $1 $13 {1-0 Avrukh,B-Karjakin,S/Biel 2003/CBM 95
ext/[Avrukh,B] (31)}) 10... Nbd7 11. Ba4 Qc7 12. e4 Bxe4 (12... cxd4 13. Bf4
Bd6 14. Qxd4 O-O 15. Rc1 Bxe5 16. Rxc7 Bxd4 17. Rxb7 Nc5 18. Rxb4 Rfd8 19. Bc7
Bxf2+ 20. Kxf2 Nd3+ 21. Ke2 Nxb4 22. Bxd8 Rxd8 23. Nc3 $11 {1/2-1/2 Georgiev,
V-Ganguly,S/Bled 2002/EXT 2003 (59)}) 13. Bg5 Rd8 14. Nd2 Bd5 15. Nxd7 Rxd7 16.
Bxd7+ Nxd7 17. dxc5 Bxc5 18. Qg4 Qe5 19. Qf4 Qxb2 20. Qc7 $18 {1-0 Bets,A-Maly,
A/Rector Cup Kharkov 2000 (30)}) (9... Nbd7 10. e4 Nxe4 11. Re1 Ndf6 12. Ba4+
Bd7 13. Ne5 Bb5 14. Nd2 Nxd2 15. Bxd2 Bd6 16. Bxb5+ axb5 17. Qf3 O-O 18. Nc6
Qc7 19. dxc5 Bxc5 20. Nxb4 $14 {1-0 Chabanon,J-Prie,E/Clichy 1997/EXT 99 (39)})
(9... Bd7 10. Nbd2 Bb5 11. Bc4 Nc6 12. Qe2 Bxc4 13. Nxc4 cxd4 14. Rd1 Bc5 15.
exd4 Be7 16. Nfe5 Nxe5 17. dxe5 Nd5 18. Nb6 $18 {1-0 Grahl,A-Altenburg,R/
Germany 2001/EXT 2002 (29)}) 10. Ba4+ Bd7 (10... Nbd7 11. Ne5 Qc7 12. Nd2 O-O
13. Ndc4 cxd4 14. exd4 Nxe5 15. Nxe5 Qxa5 16. Bf4 Qb6 17. Nc6 Nd5 18. Nxe7+
Nxe7 19. Rc1 Ra7 20. Rc5 Bd7 $17 {1/2-1/2 Petronic,J-Stojanovic,D/Bjeljina YUG
2000 (31)}) (10... Nfd7 11. Ne5 O-O 12. Qf3 Ra7 13. Nc4 cxd4 14. exd4 Nf6 15.
Be3 Rc7 16. Nbd2 Bb7 17. Qg3 Nc6 $15 {0-1 Wunnink,M-Hopman,P/Amsterdam 2001/
CBM 83 ext (37)}) 11. dxc5 O-O 12. Nbd2 (12. Bxd7 Nbxd7 (12... Nfxd7 13. Bd2
Bxc5 14. Qa4 Qe7 15. Rc1 $11) 13. c6 Nc5 14. Qxd8 Rfxd8 15. Nd4 Rac8 {[%cal
Ye6e5]} 16. f4 Nfe4 $17) 12... Qxa5 $1 (12... Bxc5 13. Nc4 Qc7 14. b3 $142 (14.
Nfe5 Bxa4 15. Qxa4 Rd8 16. b3 Ne4 17. Bb2 f6 18. Nd3 $1 Nc6 19. Rfd1 Bxe3 $1
20. Nxe3 Rxd3 21. Rxd3 Nc5 $19) 14... Rd8 15. Qc2 $11) 13. Nb3 (13. c6 Nxc6 14.
Bxc6 Qxa1 15. Nb3 Qa2 $19 16. Bxd7 Rfd8 17. Ne5 Nxd7 18. Nc6 (18. Nxd7 Ra7 19.
Nbc5 Rc7 $17 (19... Bxc5 $2 20. Nf6+ gxf6 21. Qxd8+ Kg7 22. e4 $44))) 13...
Bxa4 (13... Qc7 14. Qc2 Rc8 15. Bd2 $11) 14. Nxa5 Bxd1 15. Rxd1 Rc8 (15... Bxc5
16. Ne5 Rc8 17. Bd2 Bf8 18. Nd3 $11) 16. Bd2 Bxc5 17. Ne5 Nbd7 18. Nd3 Nd5 19.
Kf1 f5 (19... N7f6 20. Nxc5 Rxc5 21. f3 Rc2 22. e4) 20. Nb3 Bd6 21. Bxb4 Bxh2
$1 22. g3 Bxg3 23. fxg3 (23. fxg3 Nxe3+ 24. Ke2 Nxd1 25. Kxd1 e5 $17) 1/2-1/2

[Event "Hoogovens-B"]
[Site "Wijk aan Zee"]
[Date "1999.01.30"]
[Round "10"]
[White "Lputian, Smbat G"]
[Black "Ionov, Sergey"]
[Result "1/2-1/2"]
[WhiteElo "2614"]
[BlackElo "2551"]
[Annotator "Huzman,A"]
[PlyCount "161"]
[EventDate "1999.01.19"]
[EventType "tourn"]
[EventRounds "11"]
[EventCountry "NED"]
[EventCategory "11"]
[SourceTitle "CBM 069"]
[Source "ChessBase"]
[SourceDate "1999.04.01"]
[SourceVersion "1"]
[SourceVersionDate "1999.04.01"]
[SourceQuality "1"]

1. d4 d5 2. c4 dxc4 3. Nf3 e6 4. e3 c5 5. Bxc4 a6 6. O-O Nf6 7. b3 cxd4 8. Nxd4
Bd7 9. Bb2 Nc6 10. Nf3 Qc7 (10... Be7 11. Nbd2 O-O (11... b5 12. Be2 O-O 13.
Qb1 Nb4 14. Ne5 Rc8 15. Rc1 Bc6 16. Nxc6 Rxc6 17. Nf3 Rxc1+ 18. Bxc1 Nfd5 19.
Bb2 Bf6 20. a3 Nc6 21. Qc2 Bxb2 22. Qxb2 Qb6 23. b4 $14 {1/2-1/2 Tunik,
G-Dokuchaev,A/Novgorod 1995/EXP 49 (36)}) 12. Ng5 $5 h6 13. Nge4 b5 14. Be2 Nb4
15. a3 Nbd5 16. Bd3 Rc8 17. Qe2 Nxe4 18. Nxe4 f5 $1 19. Ng3 Bf6 $10 {0-1
Chernin,A-Speelman,J/Subotica 1987/CBM 03/[Speelman,J] (52)}) 11. Nbd2 Rd8 12.
Rc1 Qb8 13. Qc2 (13. Ng5 Ne5 (13... Bd6 14. f4 Bc5 15. Qe2 Qa7 16. Rf3 b5 17.
Bd3 Nb4 18. Bb1 Nbd5 $132) 14. Be2 Bc6 15. Qc2 Neg4 $36) 13... Be7 14. Rfd1 (
14. Ng5 $5 Ne5 $1 $11 (14... h6 15. Nge4 $36) (14... Bd6 15. Ndf3 Ne5 16. Rfd1
Nxf3+ 17. Nxf3 $14)) 14... O-O 15. Ng5 $1 {[%cal Gc2h7,Gg5h7,Yb2f6]} Ne5 16.
Nde4 $1 Nxe4 (16... g6 17. Nxf6+ (17. Ba3 Bxa3 18. Nxf6+ Kg7 19. Nxd7 (19.
Ngxh7 Rh8 $17) 19... Nxd7 $11) 17... Bxf6 18. Ne4 $14) 17. Qxe4 Bxg5 (17... Ng6
$2 18. Rxd7 $1 Rxd7 19. Nxe6 $16) 18. Bxe5 Bc6 $8 (18... Qa7 19. Qg4 h6 (19...
Bh6 20. Bf6 $18) 20. h4 $18) 19. Qxc6 Qxe5 (19... Rxd1+ 20. Rxd1 bxc6 21. Bxb8
Rxb8 22. Rd6 $14 {/+/-} (22. Bxa6 Ra8 23. Bb7 Rxa2 24. Bxc6 $14 {/+/-})) 20.
Qxb7 $14 {/+/-} a5 21. g3 g6 22. Qb5 Qxb5 23. Bxb5 Rxd1+ 24. Rxd1 Rd8 25. Rc1
$1 Rd2 26. Rc7 Kf8 $1 (26... Rxa2 27. Be8 f5 28. Bf7+ $18) 27. Rc8+ Kg7 28. a3
Ra2 $1 29. Ra8 (29. a4 Be7 30. Rc7 Kf8 $14 {/=}) 29... Rxa3 30. Ba4 Be7 31.
Rxa5 Ra2 32. Rb5 Rb2 $14 {/=} 33. Rb7 Kf8 34. Bc6 h6 35. h4 h5 36. Kg2 Bd6 37.
Kf3 Be7 38. Be4 Bd6 39. Bd3 Be7 40. Bc4 Bd6 41. Rd7 Bb4 42. Rd1 Ke7 43. Rf1 Ra2
44. Ke4 Rd2 45. f4 Rg2 46. Kf3 Ra2 47. Rc1 Bd2 48. Rd1 Bb4 49. Bb5 Bd6 50. Rc1
Ra5 51. Bd3 Ra3 52. Rc3 Ra2 53. Rc8 Rb2 54. Bc4 Bb4 55. e4 Be1 56. e5 Rd2 57.
Bb5 Rd8 58. Rc1 Bd2 59. Rc7+ Kf8 60. Rb7 Be1 61. Rc7 Ba5 62. Ra7 Bd2 63. Bc4
Rd4 64. Ra8+ Kg7 65. Ra4 Be1 66. Ra1 Bb4 67. Ke3 Bc5 68. Ke2 Re4+ 69. Kf3 Re3+
70. Kg2 Rc3 71. Ra2 Be3 72. Rb2 Bc1 73. Rb1 Be3 74. Be2 Bb6 75. b4 Rc2 76. Re1
Rb2 77. b5 Ba5 $140 78. Ra1 Rxe2+ (78... Bc3 79. Kf1 Rxb5 $11) 79. Kf3 Bc3 $4
80. Kxe2 Bxa1 81. Kd3 $18 1/2-1/2